| 000 | 00671cam a2200217 4500 | ||
|---|---|---|---|
| 001 | ABS61681 | ||
| 008 | 000000n1999 000 0 eng u | ||
| 035 | _a(Sirsi) u103122 | ||
| 100 | _aMetliss, M. | ||
| 245 | _aThank the man in the middle | ||
| 260 | _c1999 | ||
| 490 |
_aEstates Gazette _v (9947) 27 November 1999, 137-139(2) |
||
| 520 | _aOutlines the experiences of a mediator in a landlord and tenant dispute leading to the resolution of the case. | ||
| 590 | _aABS | ||
| 650 | _aMEDIATION | ||
| 650 | _aALTERNATIVE DISPUTE RESOLUTION | ||
| 650 | _aCIVIL PROCEDURE RULES | ||
| 650 | _aWOOLF REFORMS | ||
| 690 |
_aDispute resolution _96236 |
||
| 942 | _n0 | ||
| 999 |
_c61973 _d61973 |
||